| 000 | 01417nam0a2200325 4500 | ||
|---|---|---|---|
| 001 | RU\NLR\b_ik\96886 | ||
| 005 | 20260408071631.0 | ||
| 010 |
_a5-89317-169-1 _91800 |
||
| 035 | _a(NLR Aleph) 002170845 | ||
| 090 |
_a2652308 _c2652308 |
||
| 100 | _a20030415d2002 |||y0rusy50 ca | ||
| 101 | 0 | _apor | |
| 102 | _aRU | ||
| 105 | _aa ||||||||| | ||
| 200 | 1 |
_aMódulos avançados de aprendizagem: experiências de microquímica _fUNESCO, União intern. de química pura e aplicada - IUPAC _gFichas de trabalho prep. por Ms B. Bell _gFichas de trabalho ed. por Prof. J. Bradley _gFichas de trabalho trad. por Prof. M.E. Maia |
|
| 210 |
_aMoscow _cMagister-press _d2002 |
||
| 215 |
_a182 с. _cил. _d22 |
||
| 300 | _aНа тит. л.: Contrato da UNESCO: SC-214.347.1 | ||
| 300 | _aВ вып. дан.: Усовершенствованный курс для студентов: опыты по микрохимии | ||
| 517 | 0 | _aExperiências de microquímica | |
| 517 | 0 | _aУсовершенствованный курс для студентов: опыты по микрохимии | |
| 606 | 0 |
_aХимический эксперимент _92097580 _3RU\NLR\AUTH\661268988 |
|
| 686 | 4 | _aГ.с | |
| 702 | 1 |
_aBell _bB. _4220 |
|
| 702 | 1 |
_aBradley _bJ. _4340 |
|
| 712 | 0 | 2 |
_4570 _8por _aUNESCO _7ba _3RU\NLR\AUTH\8810053837 _9608111 |
| 801 | 0 |
_aRU _bNLR _c20040722 _gPSBO |
|
| 942 | _cBOOK | ||
| 980 | _aNB | ||